000 00978cam a22003011 4500
999 _c18482
_d18482
001 8695558
003 BDDh-ASL
005 20231015025717.0
008 740906s19481911en 000 0 eng
010 _a 11016486
035 _a(OCoLC)999903
040 _aDLC
_cMNtcA
_dBDDh-ASL
041 _aeng
042 _apremarc
050 0 0 _aD118
_b.D2
082 _a940
_bDAM
100 1 _aDavis, H. W. Carless
_q(Henry William Carless),
_d1874-1928.
245 1 0 _aMedieval Europe/
_cby H. W. G. Davis.
260 _aLondon:
_bWilliams and Norgate,
_c[c1911]
300 _a196 p. :
_billus. (maps)
_c17 cm.
490 0 _aHome university library of modern knowledge. New York, H. Holt and company
500 _aTitle and added title within ornamental borders.
504 _aIncludes bibliographical references and index.
650 0 _aMiddle Ages.
651 0 _aEurope
_xHistory
_y476-1492.
906 _a7
_bcbc
_coclcrpl
_du
_encip
_f19
_gy-gencatlg
942 _2ddc
_cBK